|
|
|
|
| LEADER |
00000nam a2200000 a 4500 |
| 001 |
UCQ4262 |
| 003 |
CL-VaPUC |
| 008 |
980904e19230000US |||||||||||||||||eng|d |
| 082 |
0 |
4 |
|a 813
|b TYS
|2 21
|
| 100 |
0 |
|
|a Tyson, J. Aubrey
|e author
|9 418507
|
| 245 |
1 |
4 |
|a The barge of haunted lives
|
| 300 |
|
|
|a 333 p
|
| 942 |
|
|
|c BK
|
| 945 |
|
|
|d 19980904 00:00:00
|a crobeson
|
| 260 |
|
|
|a Nueva York
|b Macmillan
|c 1923
|
| 650 |
|
0 |
|a Novelas estadounidenses
|9 265217
|
| 650 |
|
0 |
|a Literatura estadounidense
|9 317168
|
| 583 |
|
|
|a last modification
|c 19980904 00:00:00
|k Rodrigo Vera
|
| 999 |
|
|
|c 274649
|d 274647
|
| 952 |
|
|
|0 0
|1 0
|4 0
|6 813_000000000000000_TYS_1923
|7 0
|8 A
|9 310928
|a BIBEDU
|b BIBEDU
|d 2019-11-20
|i 1460242
|o 813 TYS 1923
|p 1460242
|r 2019-11-20
|w 2019-11-20
|y BK
|k LIT
|